| 000 | 00592nam a22001817a 4500 | ||
|---|---|---|---|
| 003 | SISC | ||
| 005 | 20160711164008.0 | ||
| 008 | 160711b xxu||||| |||| 00| 0 eng d | ||
| 020 | _a9789719803881 | ||
| 050 |
_aQA 276.12 _b.F86 2016 |
||
| 100 | _aMontero-Galliguez, Thelma C. | ||
| 245 |
_aFundamentals of statistical analysis / _cThelma C. Montero-Galliguez (and 6 others). |
||
| 260 |
_aQuezon City : _bC&E Publishing, Inc., _c2016. |
||
| 300 |
_aviii, 245 pages : _billustrations ; _c27 cm. |
||
| 500 | _aIncludes bibliographical references. | ||
| 650 | _aStatistics. | ||
| 942 |
_2lcc _cBK |
||
| 999 |
_c296248 _d296248 |
||